000 00217 a2200097 4500
001 59983
100 _a
245 _aPatrus Kay Mazameen
260 _aLahore
_bAl-Faisal Nashran
_c2009
090 _c36816
_d36816
942 _aNUST-CAE
_cMONOGRAPH
_c29798
999 _c295056
_d295056